Statistics for Taylor Swift - ivy Lyrics

Click here to take the quiz!

General Stats

  • This quiz has been taken 76 times
  • The average score is 323 of 364

Answer Stats

Answer% Correct
a
100%
an
100%
And
100%
and
100%
I
100%
I'm
100%
In
100%
in
100%
ivy
100%
my
100%
My
100%
of
100%
the
100%
The
100%
You
100%
you
100%
hand
97%
house
97%
now
97%
Now
97%
stone
97%
your
97%
Your
97%
But
95%
but
95%
covered
95%
grows
95%
Oh
95%
to
95%
be
92%
can't
92%
freezing
92%
He
92%
he
92%
it
92%
me
92%
palm
92%
where
92%
fits
89%
for
89%
goddamn
89%
I'd
89%
it's
89%
It's
89%
know?
89%
know
89%
On
89%
So
89%
so
89%
what
89%
What
89%
bones
87%
do
87%
dreamland
87%
life
87%
pain
87%
roots
87%
started
87%
all
84%
another
84%
been
84%
if
84%
meet
84%
one
84%
putting
84%
see
84%
Stop
84%
this
84%
we
84%
would
84%
fire
82%
ground
82%
How's
82%
is
82%
land
82%
meets
82%
promised
82%
spirit
82%
that
82%
us
82%
war
82%
yeah
82%
burn
79%
fight
79%
He's
79%
just
79%
out?
79%
Spring
79%
time
79%
wants
79%
what's
79%
blaze
76%
dark
76%
day
76%
faith
76%
forgotten
76%
found
76%
gonna
76%
grand
76%
here
76%
husband's
76%
makes
76%
mine
76%
only
76%
Taking
76%
Tarnished
76%
wine
76%
wish
76%
blooms
74%
breaks
74%
brought
74%
drink
74%
every
74%
eyes
74%
fields
74%
from
74%
living
74%
long
74%
loose
74%
old
74%
opal
74%
room
74%
run
74%
sit
74%
yours
74%
clear
71%
coast
71%
cursed
71%
die
71%
does
71%
don't
71%
fatal
71%
fear
71%
flaw
71%
glow
71%
Grieving
71%
incandescent
71%
near
71%
snow
71%
tell
71%
wait
71%
watch
71%
widow
71%
are
68%
become
68%
borrowed
68%
Clover
68%
forth
68%
goes
68%
live
68%
Magnificently
68%
dare
66%
stole
66%
touch
66%
begged
63%
Crescent
63%
moments
63%
moon
63%
Or
61%
we'll
61%

Score Distribution

Percentile by Number Answered

Percent of People with Each Score

Your Score History

You have not taken this quiz